000 00250nam a2200109Ia 4500
008 190216s9999||||xx |||||||||||||| ||und||
100 _aRamesh Bedi
245 0 _aHindi-Hamari Pushpa Sri
260 _bSashtra Sahithya
650 _aHindi
942 _cBK
999 _c15515
_d15515